00290 a2200133 4500001000700000020001800007040001100025100002700036240003700063245003200100300000700132362000900139440000800148162855 a85-322-1891-1 cMagnum aBoulos Junior, Alfredo10a19 De abril, dia do índiolpor10a19 De abril, dia do índio a370 a1996 1aFTD